000
00230nam a2200097Ia 4500
001
655168
005
20250826154531.0
008
250824s9999 xx 000 0 und d
245
0
_a
Tehlikenin Nefesi
_c
Hüsnan Şeker
260
_b
ALTIN
999
_c
655168
_d
655168